000 00342nam a22001457a 4500
008 230615b ||||| |||| 00| 0 eng d
020 _a9780521340236
041 _aeng
080 _a61
082 _a61DUT
100 _a4
101 _aMJKP
245 _aWORSE THAN THE DISEASE PITFALLS OF MEDICAL PROGRESS
_cDUTTON.B.D
942 _2udc
_cBK
999 _c59977
_d59977